Energy Economics and the Environment: Conservation, Preservation and Sustainability/ (Record no. 178327)
[ view plain ]
| 000 -LEADER | |
|---|---|
| fixed length control field | 00784nam a22002057a 4500 |
| 005 - DATE AND TIME OF LATEST TRANSACTION | |
| control field | 20210324172040.0 |
| 010 ## - LCCN (DPL NO) | |
| LC control number | ENG-129295 |
| 020 ## - INTERNATIONAL STANDARD BOOK NUMBER | |
| International Standard Book Number | 978-93-5388-310-2 |
| Terms of availability | 1250.00 |
| 035 ## - SYSTEM CONTROL NUMBER | |
| System control number | EN-112827 |
| 037 ## - SOURCE OF ACQUISITION | |
| Source of stock number/acquisition | DBAD/PUB |
| 082 ## - DEWEY DECIMAL CLASSIFICATION NUMBER | |
| Classification number | 333.79 |
| 245 ## - TITLE STATEMENT | |
| Title | Energy Economics and the Environment: Conservation, Preservation and Sustainability/ |
| Statement of responsibility, etc | edited by Mohammad Younus Bhat, Hiranmoy Roy and M. S. Bhatt |
| 260 ## - PUBLICATION, DISTRIBUTION, ETC. (IMPRINT) | |
| Place of publication, distribution, etc | New Delhi |
| Name of publisher, distributor, etc | Sage Publication India |
| Date of publication, distribution, etc | 2020 |
| 270 ## - ADDRESS | |
| Address | B1/1-1 Mohan Cooperative Industrial Area Mathura Road |
| City | New Delhi |
| Postal code | 110044 |
| 300 ## - PHYSICAL DESCRIPTION | |
| Extent | xxxii+322p. |
| Dimensions | 23cm(hbk) |
| Other physical details | Including illustrations and index. |
| 700 ## - ADDED ENTRY--PERSONAL NAME | |
| Personal name | Bhat, Mohammad Younus, Ed. |
| 700 ## - ADDED ENTRY--PERSONAL NAME | |
| Personal name | Roy, Hiranmoy, Ed. |
| 700 ## - ADDED ENTRY--PERSONAL NAME | |
| Personal name | Bhatt, M. S., Ed. |
| 942 ## - ADDED ENTRY ELEMENTS (KOHA) | |
| Source of classification or shelving scheme | Dewey Decimal Classification |
| Item type | English Books |
| Classification part | 333.79 |
| Call number suffix | ENE |
| Withdrawn status | Lost status | Not for loan | Collection code | Home library | Current library | Date acquired | Source of acquisition | Cost, normal purchase price | Full call number | Barcode | Copy number | Cost, replacement price | Koha item type |
|---|---|---|---|---|---|---|---|---|---|---|---|---|---|
| Non-fiction | Central Library | Central Library | 24/03/2021 | DBAD/PUB | 1250.00 | 333.79 ENE | EN-112827 | 1 | 1250.00 | English Books |
